Tres maestros del haiku (Record no. 22067)

MARC details
000 -LEADER
campo de control de longitud fija 00582nmc a2200217 a 4500
003 - IDENTIFICADOR DE NÚMERO DE CONTROL
campo de control AR-X00000XY
005 - FECHA Y HORA DE LA ÚLTIMA TRANSACCIÓN
campo de control 20251128212018.0
008 - DATOS DE LONGITUD FIJA--INFORMACIÓN GENERAL
campo de control de longitud fija 127020s1969 ||||||||||||||000 | spa||
040 ## - FUENTE DE CATALOGACIÓN
Centro/agencia transcriptor AR-X00000XY
100 0# - ENTRADA PRINCIPAL--NOMBRE DE PERSONA
Nombre de persona Issa
245 10 - MENCIÓN DEL TÍTULO
Título Tres maestros del haiku
260 ## - PUBLICACIÓN, DISTRIBUCIÓN, ETC.
Lugar de publicación, distribución, etc. Buenos Aires
Nombre del editor, distribuidor, etc. Editores dos
Fecha de publicación, distribución, etc. 1969
490 #0 - MENCIÓN DE SERIE
Mención de serie Serie de los pasos perdidos
500 0# - NOTA GENERAL
Nota general Con firma y anotaciones manuscritas de Alejandra Pizarnik
655 ## - TERMINO DE INDIZACIÓN--GENERO/FORMA
Datos o término principal de género/forma LITERATURA
700 0# - ENTRADA AGREGADA--NOMBRE PERSONAL
Nombre de persona Bashô
700 0# - ENTRADA AGREGADA--NOMBRE PERSONAL
Nombre de persona Buson
700 1# - ENTRADA AGREGADA--NOMBRE PERSONAL
Nombre de persona Svanascini, Osvaldo
Término indicativo de función/relación introducción
942 ## - ELEMENTOS DE ENTRADA SECUNDARIOS (KOHA)
Tipo de ítem Koha Libros
998 ## - INFORMACIÓN DE CONTROL LOCAL (RLIN)
Iniciales del catalogador, CIN (RLIN) martin
Holdings
Estatus retirado Estado de pérdida Fuente de la clasificación o esquema de estantería Estado de daño Restricciones de uso No para préstamo Biblioteca de origen Biblioteca actual Fecha de adquisición Total de préstamos Código de barras Visto por última vez Precio de reemplazo Tipo de ítem Koha
    Clasificación Decimal Dewey   Acceso restringido No para préstamo Liberty Liberty 28/11/2025   146236 28/11/2025 28/11/2025 Libros